US states containing specific letters #2 - Statistics

General Stats
  • This quiz has been taken 30 times
  • The average score is 25 of 37
Answer Stats
Amount Containing U.S. State % Correct
1 BAM Alabama
95%
1 GEO Georgia
95%
2 IDA Idaho/Florida
95%
2 MIS Mississippi/Missouri
95%
1 OHI Ohio
95%
2 ING Washington/Wyoming
95%
3 RGI Georgia/Virginia/West Virginia
86%
2 AHO Idaho/Oklahoma
86%
1 EGO Oregon
86%
1 DE I Rhode Island
86%
1 XAS Texas
86%
2 SKA Alaska/Nebraska
82%
1 GAN Michigan
82%
1 HOM Oklahoma
77%
1 SIS Mississippi
73%
2 ONT Montana/Vermont
73%
1 TON Washington
73%
1 YOM Wyoming
73%
1 WAI Hawaii
68%
2 AKO North Dakota/South Dakota
68%
1 FOR California
64%
1 NOI Illinois
64%
2 IAN Louisiana/Indiana
64%
1 ADA Nevada
64%
1 YLV Pennsylvania
64%
1 NTU Kentucky
59%
1 ACH Massachusetts
59%
2 SHI Washington/New Hampshire
59%
1 INE Maine
55%
1 MPS New Hampshire
55%
2 ICO New Mexico
50%
1 IGA Michigan
45%
1 ICU Connecticut
41%
3 LIN Illinois/North Carolina/South Carolina
36%
1 ORA Colorado
32%
1 LAW Delaware
32%
1 ISI Louisiana
23%
No matching quizzes found
Score Distribution
Percent of People with Each Score
Percentile by Number Answered
Your Score History
You have not taken this quiz